|
|
|
|
| LEADER |
00000caa a2200000 c 4500 |
| 001 |
1525773313 |
| 003 |
DE-627 |
| 005 |
20240612173747.0 |
| 007 |
tu |
| 008 |
160223s2005 xx ||||| 00| ||ger c |
| 020 |
|
|
|a 9783898063036
|
| 035 |
|
|
|a (DE-627)1525773313
|
| 035 |
|
|
|a (DE-576)455773319
|
| 035 |
|
|
|a (DE-599)BSZ455773319
|
| 040 |
|
|
|a DE-627
|b ger
|c DE-627
|e rda
|
| 041 |
|
|
|a ger
|
| 100 |
1 |
|
|a Kassis, Wassilis
|d 1960-
|e VerfasserIn
|0 (DE-588)12847386X
|0 (DE-627)373386885
|0 (DE-576)175106037
|4 aut
|
| 109 |
|
|
|a Kassis, Wassilis 1960-
|
| 245 |
1 |
0 |
|a Über die verschlungenen Beziehungen zwischen Erziehungsstil und Gewalterfahrungen männlicher Jugendlicher
|c Wassilis Kassis
|
| 264 |
|
1 |
|c 2005
|
| 336 |
|
|
|a Text
|b txt
|2 rdacontent
|
| 337 |
|
|
|a ohne Hilfsmittel zu benutzen
|b n
|2 rdamedia
|
| 338 |
|
|
|a Band
|b nc
|2 rdacarrier
|
| 773 |
0 |
8 |
|i Enthalten in
|t Gewalt
|b Orig.-Ausg.
|d Gießen : Psychosozial-Verlag, 2005
|g (2005), Seite 175-199
|h 356 S.
|w (DE-627)1615275142
|w (DE-576)115182233
|z 9783898063036
|z 3898063038
|7 nnam
|
| 773 |
1 |
8 |
|g year:2005
|g pages:175-199
|
| 889 |
|
|
|w (DE-627)897842898
|
| 935 |
|
|
|a mkri
|
| 935 |
|
|
|i mdedup
|
| 951 |
|
|
|a AR
|
| ELC |
|
|
|b 1
|
| LOK |
|
|
|0 000 xxxxxcx a22 zn 4500
|
| LOK |
|
|
|0 001 2899215876
|
| LOK |
|
|
|0 003 DE-627
|
| LOK |
|
|
|0 004 1525773313
|
| LOK |
|
|
|0 005 20260216123836
|
| LOK |
|
|
|0 008 160208||||||||||||||||ger|||||||
|
| LOK |
|
|
|0 040
|a DE-21-110
|c DE-627
|d DE-21-110
|
| LOK |
|
|
|0 689
|a s
|a Erziehungsstil
|
| LOK |
|
|
|0 689
|a s
|a Eltern
|
| LOK |
|
|
|0 689
|a s
|a Gewalterfahrung
|
| LOK |
|
|
|0 852
|a DE-21-110
|
| LOK |
|
|
|0 852 1
|m p
|9 00
|
| LOK |
|
|
|0 935
|a k110
|
| LOK |
|
|
|0 938
|k p
|
| LOK |
|
|
|0 939
|a 08-02-16
|b l01
|
| ORI |
|
|
|a WA-MARC-krimdoka001.raw
|